000 00333nam a22001577a 4500
003 SGT
020 _a9789390709441
082 _a612.015
_bB21L
100 _aLAL, HARBANS
245 _aTB. OF BIOCHEMISTRY
250 _a4TH
260 _aINDIA
_bCBS PUB
_c2021
300 _a467
650 _aBIOCHEMISTRY
942 _2ddc
_cBK
_0107
999 _c21929
_d21929